Ancient Greek and Latin Authors - Statistics

General Stats
  • This quiz has been taken 167 times
  • The average score is 11 of 19
Answer Stats
Hint Answer % Correct
Iliad Homer
99%
Aeneid. Virgil
90%
The Republic Plato
84%
Metamorphoses Ovid
81%
Bellum Gallicum Gaius Julius Caesar
71%
Histories Herodotus
69%
King Oedipus Sophocles
64%
Metaphysics Aristotle
59%
Medea Euripides
59%
The Frogs Aristophanes
58%
Meditations Marc Aurel
57%
De Re Publica Cicero
50%
Parallel Lives Plutarch
49%
The Persians Aeschylus
43%
Odes Horace
41%
City of God Augustine
40%
Germania Tacitus
39%
Elements Euclid
37%
On the Nature of Things Lucretius
36%
No matching quizzes found
Score Distribution
Percent of People with Each Score
Percentile by Number Answered
Your Score History
You have not taken this quiz